000 00574nam a2200217Ia 4500
005 20240705094558.0
008 131103s9999 xx 000 0 und d
020 _a491006195
040 _aLoreto College
041 _aEnglish
082 _a808.5
_bGON
100 _aGondin, William R
245 4 _aThe art of speaking made simple
_cWilliam R Gondin, Edward W Mammen
260 _aLondon
_bW H Allen
_c[19?]
300 _axii,258p.
504 _aIncludes index
650 _aEnglish pronunciation
700 _aMammen, Edward W
850 _aLCBED
942 _cBK
999 _c29574
_d80053